000156457 001__ 156457
000156457 005__ 20250516093846.0
000156457 037__ $$aTAZ-TFG-2016-3700
000156457 041__ $$aspa
000156457 1001_ $$aPorta, Sañudo, Marta
000156457 24200 $$aFrontotemporal Dementia review:Clinical case
000156457 24500 $$aRevisión de la Demencia Frontotemporal:Caso clínico
000156457 260__ $$aZaragoza$$bUniversidad de Zaragoza$$c2016
000156457 506__ $$aby-nc-sa$$bCreative Commons$$c3.0$$uhttp://creativecommons.org/licenses/by-nc-sa/3.0/
000156457 520__ $$aEn la actualidad, las demencias constituyen uno de los problemas socio-sanitarios más importantes en nuestra sociedad. No existe ningún tratamiento efectivo hasta el momento. Al tratarse de una enfermedad neurodegenerativa que afecta a la población anciana, implica gran sufrimiento para el paciente y para su entorno más cercano. En este trabajo se realiza una revisión bibliográfica sobre las características y el diagnóstico diferencial de la demencia frontotemporal (DFT) y otros trastornos psiquiátricos, y la posterior presentación y discusión de un caso clínico. La característica definitoria de la DFT es la aparición precoz de trastornos de conducta en ausencia de alteraciones cognitivas. La principal diferencia entre la DFT y la DTA es la afectación que padecen los pacientes con DFT en las funciones ejecutivas sin alteraciones en la memoria. Tras la evaluación de la paciente y posterior contrastación con la información recabada se sospecha que puede padecer demencia frontotemporal. La complejidad diagnóstica puede deberse a la similitud de síntomas con otros trastornos y a la temprana edad de aparición de la DFT,-entre otros-, confundiéndose frecuentemente con otros trastornos psiquiátricos. Es importante realizar un buen diagnóstico diferencial por las implicaciones sociales, familiares y económicas que conlleva. También resulta relevante respecto al tratamiento de los síntomas psicológicos y conductuales ya que parece que estos pacientes pueden beneficiarse de un tratamiento específico.<br />
000156457 521__ $$aGraduado en Psicología
000156457 540__ $$aDerechos regulados por licencia Creative Commons
000156457 700__ $$aLópez Antón, Raúl$$edir.
000156457 7102_ $$aUniversidad de Zaragoza$$bPsicología y Sociología$$cPsicología Básica
000156457 8560_ $$f557896@celes.unizar.es
000156457 8564_ $$s678012$$uhttps://zaguan.unizar.es/record/156457/files/TAZ-TFG-2016-3700.pdf$$yMemoria (spa)
000156457 909CO $$ooai:zaguan.unizar.es:156457$$pdriver$$ptrabajos-fin-grado
000156457 950__ $$a
000156457 951__ $$adeposita:2025-05-16
000156457 980__ $$aTAZ$$bTFG$$cFCSH